Welcome to CU Library Online Public Access Catalogue (OPAC)

Law of press in Media (Record no. 3386)

MARC details
000 -LEADER
fixed length control field 00504nam a2200181 4500
005 - DATE AND TIME OF LATEST TRANSACTION
control field 20250203161808.0
008 - FIXED-LENGTH DATA ELEMENTS--GENERAL INFORMATION
fixed length control field 250203b |||||||| |||| 00| 0 eng d
020 ## - INTERNATIONAL STANDARD BOOK NUMBER
International Standard Book Number 9788178843476
050 ## - LIBRARY OF CONGRESS CALL NUMBER
Classification number K4285
Item number .R11 New Delhi
100 ## - MAIN ENTRY--PERSONAL NAME
Personal name Razdan, Dheeraj
245 ## - TITLE STATEMENT
Title Law of press in Media
260 ## - PUBLICATION, DISTRIBUTION, ETC.
Place of publication, distribution, etc. New Delhi
Name of publisher, distributor, etc. Cyber Tech Publications
Date of publication, distribution, etc. c2008
300 ## - PHYSICAL DESCRIPTION
Extent 286 p.;
500 ## - GENERAL NOTE
General note Includes Bibliographical references and index
650 ## - SUBJECT ADDED ENTRY--TOPICAL TERM
Source of heading or term Media
Geographic subdivision India
700 ## - ADDED ENTRY--PERSONAL NAME
Personal name Razdan Dheeraj
942 ## - ADDED ENTRY ELEMENTS (KOHA)
Source of classification or shelving scheme Library of Congress Classification
Koha item type Books
Suppress in OPAC No
999 ## -
-- 3386
-- 3386
Holdings
Withdrawn status Lost status Source of classification or shelving scheme Damaged status Not for loan Collection Home library Current library Shelving location Date acquired Total checkouts Full call number Barcode Date last seen Copy number Price effective from Koha item type
    Library of Congress Classification     Non-fiction Law Library (Kumasi) Law Library (Kumasi) General stacks 02/03/2025   K4285.R11 llk00000035 02/03/2025 1 02/03/2025 Books
    Library of Congress Classification     Non-fiction Law Library (Kumasi) Law Library (Kumasi) General stacks 02/03/2025   K4285.R11 llk00000036 02/03/2025 2 02/03/2025 Books
    Library of Congress Classification     Non-fiction Law Library (Kumasi) Law Library (Kumasi) General stacks 02/03/2025   K4285.R11 llk00000037 02/03/2025 3 02/03/2025 Books
© 2023-2024 Copyright: Central University Libraries. All Rights Reserved | Created by: Mahone Tech Office